000 00908nam a22002537a 4500
999 _c8653
_d8653
003 AR-CdUCM
008 190325b ||||| |||| 00| 0 spa d
040 _aMUNICIPALIDAD PROVINCIAL DEL CUSCO
_cBIBLIOTECA MUNICIPAL DEL CUSCO
082 _a305.898 /
_bF89
100 _aFuenzalida, Fernando
_943
245 _aEl indio y el poder en el Perú /
260 _aLima :
_bMoncloa - campodonico,
_c1970.
300 _a214 páginas ;
_c19.5 cm.
440 _aPerú problema.
_n4
_924190
505 _aPoder, raza y etnia en el Perú contemporáneo -- El mestizaje en la región andina -- El indigenismo en el Perú.
650 _aClases sociales
_92411
650 _aIndígenas del Perú
_95715
700 _aMayer, Enrique
_94404
700 _aEscobar, Gabriel
_914118
700 _aMatos Mar, José
_94659
710 _aInstituto de Estudios Peruanos
_936
942 _2ddc
_cLIBROS
945 _apjha
_d201905-15